| 000 | 00616nam a2200229Ia 4500 | ||
|---|---|---|---|
| 003 | OSt | ||
| 005 | 20230518101315.0 | ||
| 008 | 210423s2012 xx 000 0 und d | ||
| 020 | _a978-1-4496-2866-6 | ||
| 040 | _cAL | ||
| 041 | _aeng | ||
| 082 |
_a581.192 GLEP _223 |
||
| 100 |
_aGLEASON (Florence K);CHOLLET (Raymond) _9107711 |
||
| 245 | _aPlant biochemistry | ||
| 260 |
_aNew Delhi _bJones & Bartlett Publishers _c2012 |
||
| 300 |
_axiii,240 _bPB |
||
| 365 |
_b4458.75 _cUSD |
||
| 650 |
_aBotany _9107712 |
||
| 650 |
_aPhysiology of Plants _9107713 |
||
| 906 | _abiochemistry. ; Plant | ||
| 942 |
_2ddc _cBK |
||
| 999 |
_c165019 _d165019 |
||